Region III (Central Luzon) Provinces of Philippines - Statistics

General Stats
  • This quiz has been taken 590 times
  • The average score is 6 of 7
Answer Stats
Province % Correct
Pampanga
95%
Bulacan
94%
Tarlac
91%
Nueva Ecija
88%
Zambales
87%
Bataan
85%
Aurora
76%
No matching quizzes found
Score Distribution
Percent of People with Each Score
Percentile by Number Answered
Your Score History
You have not taken this quiz